00984nam a2200277 a 450000100060000000300080000600500170001400800410003103500190007204000320009104100080012304300210013108200280015224500600018026000480024030000430028850000350033150400640036665000210043065000190045170000340047070000470050494200130055199900170056495201250058127406BD-RjUL20211209051142.0860101s1943 enkab b 000 0 eng d a(BD-RjUL)27479 aDLCcNJBdOCLdBD-RjULbeng aeng aa------af------ a909.09767223bISL 194300aIslam to-day /cedited by A. J. Arberry and Rom Landau. aLondon :bFaber and Faber limited,c[1943]. a258 p. :bplates, fold. map. ;c23 cm. a"First published in Mcmxliii." aBibliography: p. 286-289. "Biographical notes": p. 240-242. 0aMuslims.9223952 0aIslam.92239531 aArberry, A. J. , ed.92239541 aLandau, Rom,d1899-1974, jt. ed. 9223955 2ddccRAR c27406d27406 00102ddc40718RAREaRUCLbRUCLcRared2018-10-21l0oRA 909.09767 ISL 1943r2018-10-21 00:00:00tC-1w2018-10-21yRAR